header

Environmental risks and the media (Record no. 177759)

MARC details
000 -LEADER
fixed length control field 01440nam a2200361Ia 4500
082 04 - DEWEY DECIMAL CLASSIFICATION NUMBER
Classification number 070.4/493637
245 00 - TITLE STATEMENT
Title Environmental risks and the media
260 ## - PUBLICATION, DISTRIBUTION, ETC. (IMPRINT)
Place of publication London ;
-- New York :
Name of publisher Routledge,
Year of publication 2000.
300 ## - PHYSICAL DESCRIPTION
Number of Pages xv, 278 p. :
Other physical details ill.
650 #0 - SUBJECT ADDED ENTRY--TOPICAL TERM
Topical Term Mass media and the environment.
Topical Term Environmental health
Topical Term Environmental protection
700 1# - ADDED ENTRY--PERSONAL NAME
Personal name Allan, Stuart,
Personal name Adam, Barbara,
Personal name Carter, Cynthia,
856 40 - ELECTRONIC LOCATION AND ACCESS
Uniform Resource Identifier http://site.ebrary.com/lib/rucke/Doc?id=10054738

No items available.

© 2026 Rongo University
Contact us: librarian | system librarian | Rongo university